A portrait of the artist as a young man / (Record no. 189061)
[ view plain ]
| 000 -LEADER | |
|---|---|
| campo de control de longitud fija | 00768nam a2200217 i 4500 |
| 001 - NÚMERO DE CONTROL | |
| campo de control | 189061 |
| 003 - IDENTIFICADOR DE NÚMERO DE CONTROL | |
| campo de control | SpMaBN |
| 005 - FECHA Y HORA DE LA ÚLTIMA TRANSACCIÓN | |
| campo de control | 20240125063200.0 |
| 008 - DATOS DE LONGITUD FIJA--INFORMACIÓN GENERAL | |
| campo de control de longitud fija | 190326s2015 xxu |||| | eng d |
| 020 ## - NÚMERO INTERNACIONAL ESTÁNDAR DEL LIBRO | |
| Número Internacional Estándar del Libro | 978-1-4209-5210-0 |
| 080 ## - NÚMERO DE LA CLASIFICACIÓN DECIMAL UNIVERSAL | |
| Número de la Clasificación Decimal Universal | 821.111(415)-31"19" |
| 100 1# - ENTRADA PRINCIPAL--NOMBRE DE PERSONA | |
| Nombre de persona | Joyce, James, |
| Fechas asociadas al nombre | 1882-1941 |
| 9 (RLIN) | 67077 |
| 245 12 - MENCIÓN DEL TÍTULO | |
| Título | A portrait of the artist as a young man / |
| Mención de responsabilidad, etc. | by James Joyce ; introduction by Fallon Evans. |
| 260 ## - PUBLICACIÓN, DISTRIBUCIÓN, ETC. | |
| Lugar de publicación, distribución, etc. | [Kansas City] : |
| Nombre del editor, distribuidor, etc. | Digireads, |
| Fecha de publicación, distribución, etc. | [2015] |
| 300 ## - DESCRIPCIÓN FÍSICA | |
| Extensión | 194 p. ; |
| Dimensiones | 22 cm. |
| 700 1# - ENTRADA AGREGADA--NOMBRE PERSONAL | |
| Nombre de persona | Evans, Fallon. |
| 9 (RLIN) | 166698 |
| 852 ## - LOCALIZACIÓN | |
| Ubicación | ES-MaACL |
| Número de control de estantería | A-14446 |
| itemnumber | 196198 |
| Sublocalización o colección | R.151806 |
| Ubicación en estantería | Depósito 1 |
| Signatura antigua | Olim: N-7446 |
| Donativo/Legado | Donación: Embajada de Irlanda |
| 914 ## - NOMBRE ENTIDAD DE DONANTE | |
| RLIN | 234032 |
| Nombre de congreso/reunión o jurisdicción como elemento de entrada | Embajada de Irlanda en España |
| Unidad subordinada | Donante |
| 942 ## - ELEMENTOS DE ENTRADA SECUNDARIOS (KOHA) | |
| Fuente del sistema de clasificación o colocación | Clasificación decimal universal |
| Tipo de ítem Koha | Libro impreso |
| Estatus retirado | Estado de pérdida | Fuente del sistema de clasificación o colocación | Estado de daño | No para préstamo | Biblioteca de origen | Biblioteca actual | Ubicación en estantería | Fecha de adquisición | Fuente de adquisición | Total de préstamos | Signatura topográfica completa | Código de barras | Visto por última vez | Precio de reemplazo | Tipo de ítem Koha |
|---|---|---|---|---|---|---|---|---|---|---|---|---|---|---|---|
| Clasificación decimal universal | Biblioteca del Ateneo de Madrid | Biblioteca del Ateneo de Madrid | Depósito 1 | 26/03/2019 | Donación | A-14446 | 1200233 | 23/02/2023 | 23/02/2023 | Libro impreso |
